Walter benjamin reimagined : (Record no. 1429842)

MARC details
000 -LEADER
fixed length control field 00527nam a2200181Ia 4500
005 - DATE AND TIME OF LATEST TRANSACTION
control field 20250618133110.0
008 - FIXED-LENGTH DATA ELEMENTS--GENERAL INFORMATION
fixed length control field 008 250516s9999 xx 000 0 eng d
020 ## - INTERNATIONAL STANDARD BOOK NUMBER
International Standard Book Number 9780262039963
040 ## - CATALOGING SOURCE
Language of cataloging eng
Transcribing agency SDCL
041 ## - LANGUAGE CODE
Language code of text/sound track or separate title eng
Source of code eng
084 ## - COLON CLASSIFICATION NUMBER
Classification number RxM92 Q9
100 ## - MAIN ENTRY--PERSONAL NAME
Personal name Cannon, Frances
245 #0 - TITLE STATEMENT
Title Walter benjamin reimagined :
Remainder of title A graphic translation of poetry, prose, aphorisms, and dreams
260 ## - PUBLICATION, DISTRIBUTION, ETC.
Place of publication, distribution, etc. London:
Name of publisher, distributor, etc. The Mit Press,
Date of publication, distribution, etc. 2019.
300 ## - PHYSICAL DESCRIPTION
Extent xxvi,149p.
650 ## - SUBJECT ADDED ENTRY--TOPICAL TERM
Topical term or geographic name entry element Philosophy
942 ## - ADDED ENTRY ELEMENTS (KOHA)
Koha item type Textual
Source of classification or shelving scheme Colon Classification (CC)
100 ## - MAIN ENTRY--PERSONAL NAME
-- 809758
999 ## -
-- 1429842
-- 1429842
Holdings
Withdrawn status Lost status Source of classification or shelving scheme Damaged status Not for loan Home library Current library Date acquired Source of acquisition Inventory number Total checkouts Full call number Barcode Date last seen Price effective from Koha item type
    Colon Classification (CC)     South Campus Library South Campus Library 2025-05-22 Segment Book Distributors 69143, 02/12/2024   RxM92 Q9 SC1690669 2025-05-22 2025-05-22 Textual
Copyright @ Delhi University Library System